MDQL
is popping MORE tags! Check the
thread
!
Quizzes
Events
Quiz Creation
Community
Videos
Private Events
Remove Ads
Sign In
Join for FREE
Feedback
Dark Mode
Quiz Categories
Sports
Geography
Music
Movies
Television
Just For Fun
Miscellaneous
History
Literature
Language
Science
Gaming
Entertainment
Religion
Holiday
For Kids
Quiz Lab
Recent
Popular Today
Quiz Kudos Today
Editor Picks
Curator Picks
Quizzes by...
Day
Popularity
Type
Ratings
Length
Year
Community
Subscriptions
Recent Discussions
Orange Saloon
Badges
Playlists
Quests
Create
Leaderboards
Showdown
Live 5
Trivia Bingo
Activity
Puzzle Library
Sporcle Events
Private Events
Virtual Trivia
Globe League
Become a Host
Pub Owners
SporcleCon
Opinionation
Our Games
Videos
Blog
Mobile Apps
Partnerships
Remove Ads and Go Orange
Feedback
Language
Vocabulary
Begins and Ends
Definition
Spanish
French
German
Italian
Chinese
Latin
Translation
Japanese
Language
Vocabulary
Begins and Ends
Definition
Spanish
French
German
Italian
Chinese
Latin
Translation
Japanese
Random Quiz
Search Sporcle
×
Quiz Lab
Quiz Lab
Language
Letter
Type in answers that appear in a list
Type in answers that appear in a list
Classic
Best Score? Go Orange.
Letters of the Alphabet Stats
Can you name the letters of the alphabet?
By
da_cool_guy
30s
26 Questions
36 Plays
36 Plays
36 Plays
Comments
Comments
Give Quiz Kudos
Give Quiz Kudos
-
- Ratings
hide this ad
No Skip
Answers have to be entered in order without skipping
Answers have to be entered in order without skipping
Replay
Link that replays current quiz
Next Quiz
Link to next quiz in quiz playlist
You Got
0%
They Got
Avg Score
96%
Avg Friend Score
Upgrade to see
Score Distribution
Jump to the score distribution portion of the page
Score
0/26
Timer
00:30
0
Plays Today
Number
Letter
% Correct
?
???
100%
?
???
100%
?
???
100%
?
???
97.2%
?
???
97.2%
?
???
97.2%
?
???
97.2%
?
???
97.2%
?
???
97.2%
?
???
97.2%
?
???
97.2%
?
???
97.2%
?
???
97.2%
Number
Letter
% Correct
?
???
97.2%
?
???
97.2%
?
???
97.2%
?
???
97.2%
?
???
97.2%
?
???
97.2%
?
???
94.4%
?
???
94.4%
?
???
94.4%
?
???
94.4%
?
???
94.4%
?
???
91.7%
?
???
91.7%
Quiz Playlist
Details
Report
Send in Message
Add To Playlist
Classic:
Type in answers that appear in a list
No Skip:
Answers have to be entered in order without skipping
Last Updated: Feb 16, 2017
Quiz Scoreboard
CHALLENGE
Sign Up to Join the Scoreboard
Show All
Scores
Hide
Comments
May contain spoilers
Recently Published
Colored Red Africa Blitz
by spor1
Geography
30s
Find the 'City' Movie
by crazypaving
Movies
60s
5x2 Blitz: Bands
by SL_Kpop136
Music
30s
More to Explore
Quiz From the Vault
Featured Blog Post
14 Easter Pick-up Lines to Find Eggs With
hide this ad
You Might Also Like...
Tags
Alphabet Quiz
Letter Quiz
Today's Top Quizzes in Language
Browse Language
hide this ad
Today's Top Quizzes in Letter
Browse Letter
Top Contributed Quizzes in Language
1
1-10 Letter F Words III
2
1-10 Letter G Words III
3
1-10 Letter H Words III
4
1-10 Letter I Words III
5
Greek Alphabet Match
6
Arabic Numerals
7
Ends in ELL Minefield
8
1-10 Letter J Words III
9
1-10 Letter L Words III
10
1-10 Letter M Words III
Explore More
Trending Topics
Marvel
NBA
Crossword
Disney
Harry Potter
Kpop
Anime
Puzzle
Soccer
Country
Song
Pokémon
WWE
NFL
The Office
hide this ad
More By:
da_cool_guy
Quiz
Plays
Rating
Category
Featured
Created
Harry Potter and the Cursed Child Character Minefield
1,893
5.00
Entertainment
Aug 10, 2016
Spell Krgyzstan
703
2.85
Geography
Feb 25, 2015
Holiday by Religion
212
2.22
Holiday
Jun 23, 2014
10 most played sports in the US
172
1.17
Sports
Jun 20, 2014
Countries Smaller than NYC(area)
91
2.67
Geography
Nov 2, 2014
Go to Creator's Profile
Score Distribution
Quiz Creator Spotlight
da_cool_guy
Follow
Send a Message
Quizzes Created
-
Created Quiz Play Count
-
More By This Creator
Popular Quizzes Today
1
Find the 'City' Movie
2
5x2 Blitz: Bands
3
Colored Red Africa Blitz
4
Find the US States - No Outlines Minefield
5
The Countries of the World
6
Find the US States
7
9x9 Crossword: Cartoon Network
8
US States
More Language Quizzes
Blitz! Ends in ...DARY
Quiz Lab
Trending Quizzes
Colored Red Europe Blitz I
Colored Red Africa Blitz II
Colored Red Europe Blitz III
Colored Red Europe Blitz II
Colored Red Africa Blitz III
Recently Updated
Champions League XIs: Real Madrid
pecheneg
Largest US Cities 1790-2010
pecheneg
Rides in Walt Disney World
pecheneg
Most Oscar Losses (Acting)
pecheneg
Beyoncé Albums
pecheneg
Leaping Animals
pecheneg
Reality TV Shows (A-Z)
bhenderson79
Rickey Henderson's Hall of Fame Teammates
pecheneg
Champions League XIs: Arsenal
pecheneg
Quick Pick: Celebrities in WWE's Hall of Fame
aduchscher
Trending Topics
Harry Potter
Kpop
Disney
Anime
NBA
Crossword
Marvel
Puzzle
Pokémon
The Office
Soccer
Country
WWE
NFL
Song
Your Account Isn't Verified!
In order to create a playlist on Sporcle, you need to verify the email address you used during registration. Go to your
Sporcle Settings
to finish the process.
Report this User
Report this user for behavior that violates our
Community Guidelines
.
Details:
Send Report
Go to the Sporcle.com Mobile Site →
Comments